| 000 | 00572nam a2200241 a 4500 | ||
|---|---|---|---|
| 001 | nice12345678 | ||
| 003 | IN_TiNIC | ||
| 005 | 20260116011517.0 | ||
| 008 | 050524s1963 dela grp 000 0 per | ||
| 020 |
_a _c2.25 |
||
| 082 | 0 | 0 |
_a297.5 _bAZA |
| 100 | _aAzad, Abul Kalam | ||
| 245 | _aSada-I-Haq | ||
| 260 |
_aDelhi _bPayam-E-mashriq Book Depot _c1963 |
||
| 300 | _a120p | ||
| 500 | _aincludes index and biblioraphy | ||
| 505 | 2 | _areference | |
| 650 | _aIslam-Doctrines | ||
| 700 | 1 | _aAzad, Abul Kalam | |
| 902 | _bSRS | ||
| 942 | _cBK | ||
| 999 |
_c2170 _d2170 |
||